Gwen Stacy - Portrayals by Picture - Statistics

General Stats
  • This quiz has been taken 9 times
  • The average score is 2 of 14
Answer Stats
Picture Answer % Correct
Emma Stone
71%
Bryce Dallas Howard
43%
Hailee Steinfeld
43%
Kari Wahlgren / Laura Bailey / Melli Bond
14%
Laura Bailey
14%
Laura Bailey
14%
Allegra Clark
0%
Ashley Johnson
0%
Catherine Luciani
0%
Dove Cameron
0%
Dove Cameron
0%
Emily Tennant
0%
Lacey Chabert
0%
Lily Sanfelippo
0%
No matching quizzes found
Score Distribution
Percent of People with Each Score
Percentile by Number Answered
Your Score History
You have not taken this quiz